| 000 | 00793nam a2200265Ia 4500 | ||
|---|---|---|---|
| 001 | 15652 | ||
| 003 | GE_BSU | ||
| 008 | 181216s||||||||xx |||||||||||||| ||und|| | ||
| 020 | _a99940-30-35-3 | ||
| 040 | _cGE_BSU | ||
| 080 | _a821.353.1-31 | ||
| 100 | _aბუღაძე, ლაშა | ||
| 245 | _aბოლო ზარი | ||
| 245 | _bრომანი | ||
| 245 | _cყდის დიზაინი ირაკლი ვარვარიძე | ||
| 250 | _a1-ლი გამოც | ||
| 260 | _aთბილისი | ||
| 260 | _bბაკურ სულაკაურის გამ-ბა | ||
| 260 | _c2004 | ||
| 300 | _a160გვ. ; 20სმ | ||
| 541 | _h6ლ.70თ. | ||
| 653 | _aბოლო ზარი | ||
| 653 | _aრომანი | ||
| 942 | _cBK | ||
| 999 |
_c48751 _d48751 |
||